000 01032nam a22003257a 4500
001 BR2022000317
003 BR-BrBNA
005 20230928105632.0
007 ta
008 230509b bl.||||| |||| 00| 0 por d
040 _aBR-BrBNA
_bpor
_cBiblioteca Nacional de Agricultura
041 _a(Por)
072 _aL73; L74; L50
090 _ L73 BR2022000317
100 1 _aTozetto, C.
110 1 _aUniversidade Federal de Minas Gerais, Belo Horizonte (Brasil). Escola de Veterinária
245 1 _aDistúrbios eletrolíticos nas endocrinopatias em pequenos animais
_bCurso de Residência em Medicina Veterinária
260 3 _aBelo Horizonte, MG (Brasil):
_c2019.
300 _a55 p.
500 _aBibliography p. 49-54 (55 ref.); Summary (Por); 1 table
650 _aANIMAL
650 _aDIABETE
650 _aDOENÇA ANIMAL
650 _aDISTÚRBIO METABÓLICO
650 _aDISTÚRBIO FISIOLÓGICO
650 _aELETRÓLITO
650 _aVETERINÁRIA
909 _a202309
_bLucia
_c55
_dLucia Elande
942 _cBK
999 _c85975
_d85975